000 00704nam a2200253Ia 4500
003 OSt
005 20220918170202.0
006 a|||||r|||| 00| 0
007 ta
008 220917b |||||||| |||| 00| 0 eng d
020 _a9772477521
_c350.00
024 _a339,835
037 _cTextual
040 _aARTS
_cARTS
_beng
041 _2eng
_aeng
082 _aO28,6N12x, L9
100 _aAbdul Rehman Aisha Au.
_927469
245 0 _aArzul mojizat wa laqa-i-ma-al-tarikh
260 _aCairo
_bDar-al-ma'arif Egypt
_c1979
300 _a140p.
_ccm.
650 _aARABIC PROSE
_927470
942 _hO28,6N12x, L9
_cTEXL
_2CC
999 _c132948
_d132948